Central Library OPAC University of Rajshahi

Dalai lama and tibet / (Record no. 1239)

MARC details
000 -LEADER
fixed length control field 00780cam a2200265 a 4500
001 - CONTROL NUMBER
control field 1239
003 - CONTROL NUMBER IDENTIFIER
rucl marc code BD-RjUL
005 - DATE AND TIME OF LATEST TRANSACTION
control field 20211208233310.0
008 - FIXED-LENGTH DATA ELEMENTS--GENERAL INFORMATION
fixed length control field 131125s1997 ii 000 0 eng
020 ## - INTERNATIONAL STANDARD BOOK NUMBER
International Standard Book Number 8174884548
035 ## - SYSTEM CONTROL NUMBER
System control number BD-RjUL 1261
040 ## - CATALOGING SOURCE
Original cataloging agency DLC
Transcribing agency DLC
Modifying agency DLC
-- BD-RjUL
Language of cataloging eng
041 ## - LANGUAGE CODE
Language code of text/sound track or separate title eng
082 00 - DEWEY DECIMAL CLASSIFICATION NUMBER
Classification number 294.3923
Edition number 23
Author mark and year DAL 1997
245 00 - TITLE STATEMENT
Title Dalai lama and tibet /
Statement of responsibility, etc. edited by S K Sharma & Usha Sharma
260 ## - PUBLICATION, DISTRIBUTION, ETC. (IMPRINT)
Place of publication, distribution, etc. New Delhi :
Name of publisher, distributor, etc. Anmol Publications,
Date of publication, distribution, etc. 1997
300 ## - PHYSICAL DESCRIPTION
Pagination xi, 245 p. ;
Size 25 cm.
490 #0 - SERIES STATEMENT
Series statement Encyclopaedia of Tibet series, 5.
650 ## - SUBJECT ADDED ENTRY--TOPICAL TERM
Topical term or geographic name as entry element Dalai lamas
9 (RLIN) 127055
700 ## - ADDED ENTRY--PERSONAL NAME
Personal name Sharma, S K
Personal name Sharma, Usha
830 ## - SERIES ADDED ENTRY--UNIFORM TITLE
Uniform title Encyclopaedia of Tibet series, 5.
942 ## - ADDED ENTRY ELEMENTS (KOHA)
Source of classification or shelving scheme Dewey Decimal Classification
Koha item type Books
Holdings
Lost status Source of classification or shelving scheme Damaged status Not for loan Collection code Permanent Location Current Location Shelving location Date acquired Source of acquisition Cost, normal purchase price Total Checkouts Full call number Date last seen Copy number Koha item type
  Dewey Decimal Classification   Not For Loan Non-fiction Central Library, University of Rajshahi Central Library, University of Rajshahi Reading Room 15/06/1999 Ankur prakashani 671.00   294.3923 DAL 1997 25/11/2013 C-1 Books
  Dewey Decimal Classification     Non-fiction Central Library, University of Rajshahi Central Library, University of Rajshahi   15/06/1999 Angkur Prokashan, Dhaka 671.00   294.3923 DAL 1997 28/05/2016 C-2 Books